| 000 | 00917nam a2200253 a 4500 | ||
|---|---|---|---|
| 001 | 000010349 | ||
| 005 | 20240412074217.0 | ||
| 008 | 091006s1986 dr a 000 0 spa d | ||
| 040 |
_aDO-SdBNP _bspa _cBNPHU |
||
| 082 |
_aRD861.44 _bG373s |
||
| 100 | 1 |
_aGermán, Aracelis _925362 |
|
| 245 | 1 | 0 |
_aSentimientos a la intemperie / _cAracelis Germán. |
| 260 |
_aSanto Domingo : _bUniversitaria-UASD, _c1986. |
||
| 300 |
_a107 p. : _bil. ; _c21 cm. |
||
| 490 | 1 |
_aPublicaciones de la Universidad Autónoma de Santo Domingo _v520 |
|
| 490 | 1 |
_aArte y sociedad _v26 |
|
| 590 | _aInventariado, 2018/LP | ||
| 650 | 4 |
_aPoesía dominica _925363 |
|
| 650 | 0 |
_aLiteratura dominicana. _967 |
|
| 710 | 1 |
_aUniversidad Autónoma de Santo Domingo _972951 |
|
| 830 | 0 |
_aPublicaciones de la Universidad Autónoma de Santo Domingo ; _n520 _925364 |
|
| 830 | 0 |
_aArte y sociedad ; _n26 _925365 |
|
| 910 | _aValidado. Control de calidad MFF | ||
| 999 |
_c10108 _d10108 |
||